A review of the programme on citizens activism for social and economic justice (Record no. 4829)
[ view plain ]
| 000 -LEADER | |
|---|---|
| fixed length control field | 00355nam a2200121 4500 |
| 082 ## - DEWEY DECIMAL CLASSIFICATION NUMBER | |
| Item number | REV |
| 942 ## - ADDED ENTRY ELEMENTS (KOHA) | |
| Item Type | Reports |
| 700 ## - ADDED ENTRY--PERSONAL NAME | |
| Personal name | Ghosh, Buddhadeb |
| Relator Term | compiler |
| 245 ## - TITLE STATEMENT | |
| Title | A review of the programme on citizens activism for social and economic justice |
| 260 ## - PUBLICATION, DISTRIBUTION, ETC. (IMPRINT) | |
| Place of Publication | New Delhi: |
| Name of Publisher | Institute of Social Sciences, |
| Date of Copyright | 2001 |
| 650 ## - SUBJECT ADDED ENTRY--TOPICAL TERM | |
| Topical Term | Economic justice |
| 650 ## - SUBJECT ADDED ENTRY--TOPICAL TERM | |
| Topical Term | Social justice |
| Withdrawn status | Lost status | Source of classification or shelving scheme | Damaged status | Not for loan | Permanent location | Current location | Date acquired | Total Checkouts | Full call number | Barcode | Date last seen | Price effective from | Koha item type |
|---|---|---|---|---|---|---|---|---|---|---|---|---|---|
| Dewey Decimal Classification | Resource center, Muslim Women's Research And Action Forum | Resource center, Muslim Women's Research And Action Forum | 2024-02-28 | REV | RAF5126 | 2024-02-28 | 2024-02-28 | Reports |

